[Event "Pyramiden Franken Cup 5th"]
[Site "Fuerth"]
[Date "2002.08.31"]
[Round "1"]
[White "Heuer, Rainer"]
[Black "Zimmermann, Paul"]
[Result "1/2-1/2"]
[WhiteElo "1858"]
[BlackElo "2241"]
[PlyCount "86"]
[EventDate "2002.08.31"]
[EventType "swiss"]
[EventRounds "9"]
[EventCountry "GER"]
[SourceTitle "CBM 090 Extra"]
[Source "ChessBase"]
[SourceDate "2002.11.07"]
[SourceVersion "1"]
[SourceVersionDate "2002.11.07"]
[SourceQuality "1"]

1. d4 Nf6 2. e3 d5 3. b3 Bf5 4. Bd3 Bg6 5. Nf3 e6 6. 0-0 Bd6 7. Bb2 Nbd7 8. c4 Ne4 9. Nc3 c6 10. Qc2 f5 11. a4 0-0 12. Ba3 Qe7 13. Bxd6 Qxd6 14. Nd2 Ndf6 15. f3 Nxc3 16. Qxc3 Rf7 17. Rad1 Raf8 18. b4 Nd7 19. Rc1 e5 20. cxd5 cxd5 21. dxe5 Nxe5 22. Bb1 f4 23. e4 Rd7 24. Ba2 Bf7 25. Rfd1 dxe4 26. Bxf7+ Rfxf7 27. Nxe4 Qb6+ 28. Kh1 Rxd1+ 29. Rxd1 Qc7 30. Qb3 Qc4 31. Rd8+ Rf8 32. Qxc4+ Nxc4 33. Rd7 Rf7 34. Rd8+ Rf8 35. Rd4 Ne3 36. Kg1 Rc8 37. Rd7 Rc1+ 38. Kf2 Rc2+ 39. Nd2 Ra2 40. a5 Rb2 41. Rd4 g5 42. g3 fxg3+ 43. hxg3 Nc2 1/2-1/2

[Event "Graz op"]
[Site "Graz"]
[Date "2001.??.??"]
[Round "8"]
[White "Ferrari, Josef"]
[Black "Zimmermann, Paul"]
[Result "0-1"]
[WhiteElo "2141"]
[BlackElo "2241"]
[PlyCount "78"]
[EventDate "2001.09.??"]
[EventType "swiss"]
[EventRounds "9"]
[EventCountry "AUT"]
[SourceTitle "EXT 2002"]
[Source "ChessBase"]
[SourceDate "2001.11.25"]
[SourceVersion "1"]
[SourceVersionDate "2001.11.25"]
[SourceQuality "1"]

1. Nf3 Nf6 2. g3 d5 3. d4 c6 4. Bg2 Bf5 5. c4 e6 6. Nc3 h6 7. 0-0 Be7 8. b3 0-0 9. Bb2 Nbd7 10. Nd2 Bh7 11. Re1 Qa5 12. a3 Rad8 13. Rc1 b5 14. e4 bxc4 15. bxc4 Rb8 16. Na4 Nxe4 17. Nxe4 dxe4 18. Bxe4 Bxe4 19. Rxe4 Bf6 20. Re2 Rfd8 21. Bc3 Qa6 22. Rd2 Bg5 23. f4 Bf6 24. d5 Bxc3 25. Rxc3 cxd5 26. cxd5 e5 27. Kg2 exf4 28. gxf4 Qg6+ 29. Rg3 Qe4+ 30. Kh3 Qf5+ 31. Kg2 Nf6 32. d6 Ne4 33. Rd5 Qxf4 34. Rf3 Qg4+ 35. Kh1 Rb1 36. Qxb1 Qxf3+ 37. Kg1 Qg4+ 38. Kf1 Ng3+ 39. hxg3 Qf3+ 0-1

[Event "Graz op"]
[Site "Graz"]
[Date "2001.??.??"]
[Round "6"]
[White "Havlicek, Josef"]
[Black "Zimmermann, Paul"]
[Result "1-0"]
[WhiteElo "2144"]
[BlackElo "2241"]
[PlyCount "37"]
[EventDate "2001.09.??"]
[EventType "swiss"]
[EventRounds "9"]
[EventCountry "AUT"]
[SourceTitle "EXT 2002"]
[Source "ChessBase"]
[SourceDate "2001.11.25"]
[SourceVersion "1"]
[SourceVersionDate "2001.11.25"]
[SourceQuality "1"]

1. d4 Nf6 2. c4 g6 3. Nc3 d5 4. cxd5 Nxd5 5. e4 Nxc3 6. bxc3 Bg7 7. Bc4 c5 8. Ne2 Nc6 9. Be3 cxd4 10. cxd4 0-0 11. Rc1 Na5 12. Bd3 a6 13. 0-0 b5 14. Bf4 Ra7 15. Qd2 e5 16. Bg5 Qb6 17. d5 Rd7 18. Be3 Qd8 19. Rxc8 1-0